000 00797nam a22002057a 4500
999 _c20474
_d20474
003 AR-CdUCM
008 190530b ||||| |||| 00| 0 spa d
040 _aMUNICIPALIDAD PROVINCIAL DEL CUSCO
_cBIBLIOTECA MUNICIPAL DEL CUSCO
082 _a869.566 /
_bG216
100 _aGarcía Calderón, Ventura
_93435
245 _aPáginas escogidas /
260 _aMadrid :
_bJavier Morata,
_c1947.
300 _a1172 páginas ;
_c15 cm.
505 _aContenido parcial: Versos de juventud y prosas líricas. Cuentos peruanos. Ensayos y crónicas. Prólogos escogidos. El Perú en la obra de García Calderón. Bibliografía. Iconografía.
650 _aCuentos peruanos
_97
650 _aPoesías peruanas
_91481
650 _aEnsayos peruanos
_9233
942 _2ddc
_cLIBROS
945 _adavv
_d2019-05-30